| 000 | 01032cam a22002897a 4500 | ||
|---|---|---|---|
| 003 | CHAP | ||
| 005 | 20220817043635.0 | ||
| 008 | 000316d1996 eu a r 00010 spa d | ||
| 010 | _a80417 | ||
| 011 | _a81389 | ||
| 035 | _a91858 | ||
| 040 | _cCHAP | ||
| 090 | _aFolleto 15746 | ||
| 110 | 2 | _aBanco Interamericano de Desarrollo | |
| 245 | 3 |
_aEl fondo regional de tecnología agropecuaria : _buna propuesta para consolidar el sistema regional de innovaciones tecnológicas _c/por Banco Interamericano de Desarrollo |
|
| 260 |
_aWashington, D. C. : _bBanco Interamericano de Desarrollo, _c1996. |
||
| 300 |
_a11 p. : _bilus. |
||
| 590 |
_aBATCH-UPD _b10 _c20130110 _lUCH01 _h2014 |
||
| 590 |
_aBATCH-UPD _b10 _c20130410 _lUCH01 _h1333 |
||
| 590 |
_aBATCH-UPD _b10 _c20130914 _lUCH01 _h2134 |
||
| 590 |
_aCONVERSION _b10 _c20130109 _lUCH01 _h1345 |
||
| 650 | 1 | 4 |
_aAgricultura _xInnovaciones tecnológicas. _91565 |
| 901 | _aBK | ||
| 905 | _aLilia Sánchez G. | ||
| 942 | _cTESIS | ||
| 949 |
_aFolleto 15746 _bBC _cTES _d918581 _eTS1 _i91858 _sb |
||
| 999 |
_c80417 _d80417 |
||